00454nam a2200157Ia 450000500170000000800410001704000180005804100080007608200220008410000160010624500410012225000120016326000630017530000120023865000460025020231009152518.0210716s1987 xx 000 0 und d cAIMIT LIBRARY aeng a005.133 22bRAOP aRao, P V S. aProgramming in fortran /cBy PVS Rao a2nd ed. aNew Delhi :bTata Mc Graw Hill Publishing Company ,c1987. axvi,377 aComputer programming, programs, data(005)